| 000 | 00918nam a22002297a 4500 | ||
|---|---|---|---|
| 999 |
_c19635 _d19635 |
||
| 003 | AR-CdUCM | ||
| 008 | 190518b ||||| |||| 00| 0 spa d | ||
| 040 |
_aMUNICIPALIDAD PROVINCIAL DEL CUSCO _cBIBLIOTECA MUNICIPAL DEL CUSCO |
||
| 082 |
_a374.46 / _bG11 |
||
| 100 |
_aGabrielsen, M. Alexander _941086 |
||
| 245 | _aEducación al aire libre / | ||
| 260 |
_aMéxico : _bTroquel, _c1971. |
||
| 300 |
_a152 páginas ; _c23 cm. |
||
| 440 |
_aBiblioteca de la nueva educación _940302 |
||
| 505 | _aContenido: La educación al aire libre y la educación norteamericana -- Naturaleza de los programas de educación al aire libre -- La educación al aire libre y el plan de estudios de la escuela ... | ||
| 650 |
_aEducación _9460 |
||
| 650 |
_aPlan de estudios _91745 |
||
| 650 |
_aNorteamericano _941087 |
||
| 700 |
_aBurejson, Aurelia R. (Traducción) _941088 |
||
| 942 |
_2ddc _cLIBROS |
||
| 945 |
_arah _d2019-05-18 |
||